Faculty of Law Library — Cairo University

Official Online Catalog

اختيار القيادة الإدارية في مصر في ظل القانون رقم 5 لسنة ١٩٩١ : (Record no. 55125)

MARC details
000 -LEADER
fixed length control field 01529nam a2200361 i 4500
003 - CONTROL NUMBER IDENTIFIER
control field EG-GICUC
005 - DATE AND TIME OF LATEST TRANSACTION
control field 20260121101657.0
008 - FIXED-LENGTH DATA ELEMENTS--GENERAL INFORMATION
fixed length control field 260107s1997 ua d|||fr|||| 00| 0 ara d
017 ## - COPYRIGHT OR LEGAL DEPOSIT NUMBER
Copyright or legal deposit number ٩٨/١٣٨٤
020 ## - INTERNATIONAL STANDARD BOOK NUMBER
International Standard Book Number 977-19-5215-3
040 ## - CATALOGING SOURCE
Original cataloging agency EG-GICUC
Language of cataloging ara
Transcribing agency EG-GICUC
Modifying agency EG-GICUC
Description conventions rda
041 0# - LANGUAGE CODE
Language code of text/sound track or separate title ara
082 04 - DEWEY DECIMAL CLASSIFICATION NUMBER
Edition number 21
Classification number 345.6
Item number ص ا . ا
092 04 - LOCALLY ASSIGNED DEWEY CALL NUMBER (OCLC)
Edition number 21
099 ## - LOCAL FREE-TEXT CALL NUMBER (OCLC)
Classification number Law1 07 345.6 ص ا . ا 1997
100 0# - MAIN ENTRY--PERSONAL NAME
Personal name صابر الحسينى محمود الجندى
Relator term مؤلف.
245 10 - TITLE STATEMENT
Title اختيار القيادة الإدارية في مصر في ظل القانون رقم 5 لسنة ١٩٩١ :
Remainder of title بشأن الوظائف المدنية القيادية ولائحته التنفيذية /
Statement of responsibility, etc. إعداد صابر الحسيني محمود الجندي.
264 ## - PRODUCTION, PUBLICATION, DISTRIBUTION, MANUFACTURE, AND COPYRIGHT NOTICE
Place of production, publication, distribution, manufacture [ دون مكان نشر ] :
Name of producer, publisher, distributor, manufacturer [دون ناشر]،
Date of production, publication, distribution, manufacture, or copyright notice 1997.
300 ## - PHYSICAL DESCRIPTION
Extent 336 صفحة :
Other physical details إيضاحيات؛
Dimensions 24 سم.
336 ## - CONTENT TYPE
Content type term text
Source rda content
337 ## - MEDIA TYPE
Media type term Computer
Source rda media
338 ## - CARRIER TYPE
Carrier type term Online Resource
Source rda carrier
504 ## - BIBLIOGRAPHY, ETC. NOTE
Bibliography, etc. note . 231-228 ببليوجرافيا: صفحات
504 ## - BIBLIOGRAPHY, ETC. NOTE
Bibliography, etc. note يشتمل على إرجاعات ببليوجرافية.
546 ## - LANGUAGE NOTE
Language note النص باللغة العربية
650 #4 - SUBJECT ADDED ENTRY--TOPICAL TERM
Topical term or geographic name entry element القرارت الإدارية
650 #4 - SUBJECT ADDED ENTRY--TOPICAL TERM
Topical term or geographic name entry element القانون الإداري
700 0# - ADDED ENTRY--PERSONAL NAME
Personal name محمد مرغنى خيرى
Relator term مشرف.
710 2# - ADDED ENTRY--CORPORATE NAME
Corporate name or jurisdiction name as entry element جامعة عين شمس
Subordinate unit كلية الحقوق
856 ## - ELECTRONIC LOCATION AND ACCESS
Uniform Resource Identifier <a href="https://fll.law.cu.edu.eg/fulltext/th/B07-01442.pdf">https://fll.law.cu.edu.eg/fulltext/th/B07-01442.pdf</a>
905 ## - Cataloger and Reviser Names
Cataloger Name: Sara El-Gendy
942 ## - ADDED ENTRY ELEMENTS (KOHA)
Source of classification or shelving scheme Dewey Decimal Classification
Koha item type Thesis
Edition 21
Suppress in OPAC No
Holdings
Withdrawn status Lost status Source of classification or shelving scheme Damaged status Not for loan Collection Home library Current library Date acquired Total checkouts Full call number Barcode Date last seen Copy number Price effective from Koha item type
    Dewey Decimal Classification   Not for loan القانون الإداري جــــامعة القــاهرة مكتبة كلية الحقوق - المبنى الرئيسي 07.01.2026   Law1 07 345.6 ص ا . ا 1997 0701442 C1 B07-01442 07.01.2026 1 07.01.2026 Books

© All rights reserved — Faculty of Law, Cairo University